Statistiques concernant Le plus grande ville commençant par L dans ce pays n°2

Cliquez ici pour prendre le quiz!

Statistiques générales

  • Ce quiz a été pris 94 fois
  • Le résultat moyen est 8 sur 15

Statistiques - réponses

Pays L -ville % Correct
FranceLyon
95%
PortugalLisbonne
94%
PérouLima
94%
Royaume-UniLondres
90%
BelgiqueLiège
74%
États-UnisLos Angeles
52%
PologneŁodz
48%
AutricheLinz
46%
ItalieLivourne
44%
AllemagneLeipzig
38%
ChypreLimassol
36%
IrlandeLimerick
32%
IndeLucknow
13%
SyrieLattaquié
6%
SerbieLeskovac
2%

Distribution des résultats

Percentile by Number Answered

% des personnes avec chaque résultat

Votre développement - résultats

Vous n’avez pas pris ce quiz